000 01410nam a22003857a 4500
003 CHAP
005 20220329143127.0
008 060505d2006 mxa r 00110 spa d
010 _a92342
011 _a93314
035 _a103886
040 _cCHAP
090 _aTesis
100 1 _aRodríguez Gayosso, Braulia Leonor.
_998532
245 1 0 _aPropagación vegetativa de jitomate (Lycopersicon esculentum Mill.) mediante enraizamiento de esquejes e injertos
_c/por Braulia Leonor Rodríguez Gayosso
260 _aChapingo, Méx. :
_bEl autor,
_c2006.
300 _a49 h. :
_bilus.
502 _aTesis (Ing. Agr. Esp. en Fitotecnia) - - UACH. Departamento de Fitotecnia
590 _aALEPH
_b10
_c20130110
_lUCH01
_h1512
590 _aBATCH-UPD
_b10
_c20130110
_lUCH01
_h0224
590 _aBATCH-UPD
_b10
_c20130110
_lUCH01
_h1120
590 _aBATCH-UPD
_b10
_c20130409
_lUCH01
_h2246
590 _aBATCH-UPD
_b10
_c20130410
_lUCH01
_h1055
590 _aBATCH-UPD
_b10
_c20130914
_lUCH01
_h1309
590 _aCONVERSION
_b10
_c20130109
_lUCH01
_h1351
650 1 4 _aEnraizamiento.
_937013
650 1 4 _aInjertos.
_958808
650 1 4 _aTomate
_xPropagación.
_9113758
650 1 4 _aTomate
_xTransporte.
_9113774
901 _aBK
905 _aElisama A. H.
942 _cFOLL
949 _aTesis
_bBC
_cTES
_d00000000103886
_eTS1
_h45415
_i103886
_sb
949 _aTesis
_bBC
_cTES
_d33724000962296
_eTS2
_fc.2
_h45416
_i103886
_si
999 _c92342
_d92342